Walt Whitman Nhà thơ lớn nước Mỹ

Đã lưu trong:
書目詳細資料
主要作者: ĐINH THỊ ÁNH NGUYỆT
格式: 圖書
語言:Undetermined
出版: Tp. HCM Trẻ 2002
主題:
標簽: 添加標簽
沒有標簽, 成為第一個標記此記錄!
Thư viện lưu trữ: Trung tâm Học liệu Trường Đại học Cần Thơ
LEADER 00537nam a2200181Ia 4500
001 CTU_47388
008 210402s9999 xx 000 0 und d
082 |a 811.4 
082 |b Ng528 
100 |a ĐINH THỊ ÁNH NGUYỆT 
245 0 |a Walt Whitman 
245 0 |b Nhà thơ lớn nước Mỹ 
245 0 |c ĐINH THỊ ÁNH NGUYỆT 
260 |a Tp. HCM 
260 |b Trẻ 
260 |c 2002 
650 |a american poetry - 19th century - history and criticism 
980 |a Trung tâm Học liệu Trường Đại học Cần Thơ